| 000 | 00817nas a2200253 4500 | ||
|---|---|---|---|
| 001 | BR8707298 | ||
| 003 | BR-BrBNA | ||
| 005 | 20231205090920.0 | ||
| 007 | ta | ||
| 008 | 230509b bl.|||p| |||| 00| 00por d | ||
| 040 |
_aBR-BrBNA _bpor _cBiblioteca Nacional de Agricultura |
||
| 041 | _a(Pt) | ||
| 072 | _aF01 | ||
| 100 | 1 | _aNoldin, J.A. | |
| 100 | 1 | _aMundstock, C.M. | |
| 245 | 1 | _aDesenvolvimento foliar de tres cultivares de milho em duas epocas de semeadura | |
| 246 | 1 | _aLeaf development in three maize cultivars in two planting dates | |
| 650 | _aMILHO | ||
| 650 | _aEPOCA DE PLANTIO | ||
| 650 | _aANALISE FOLIAR | ||
| 773 | 0 |
_tPesquisa Agropecuaria Brasileira (Brazil) _xISSN 0100-204X _g(Feb 1987), v. 22(2) p. 187-193 _wBR8707298 |
|
| 909 |
_a202311 _bLúcia _c55 _dLúcia Elande |
||
| 942 |
_2AGRIS _n0 _cANA |
||
| 999 |
_c121616 _d121616 |
||